00601 a2200181 4500010001400000020002300014035001300037037001600050082001800066245009300084260005400177270007200231300002700303700002100330700002700351700001800378700002300396 aENG-88997 c500.00a8189652249 aEN-72530 bDBAD / PUB14a338.17608095410aLivestock marketing and diversification of agriculture /cby Nizamuddin Khan ... [et al] aDelhibVista International Publishing Housec2006 aV-196, Near Shiv Sadhna Mandir, C-11, Yamuna Vihar,bDelhie110 053 axiv, 179p.c22 cm (Hb) aKhan, Nizamuddin aHashmi, S.Najmul Islam aAteeque Ahmad aHoda, Md. Minhajul